[Event "Collado Villalba op-B 29th"]
[Site "Collado Villalba"]
[Date "2012.08.25"]
[Round "2"]
[White "Alvarez Romero, Carlos"]
[Black "Ojosnegros Martin, Angel"]
[Result "1-0"]
[WhiteElo "1701"]
[BlackElo "1503"]
[PlyCount "117"]
[EventDate "2012.08.24"]
[EventType "swiss"]
[EventRounds "9"]
[EventCountry "ESP"]
[SourceTitle "CBM 150 Extra"]
[Source "ChessBase"]
[SourceDate "2012.10.19"]
[SourceVersion "1"]
[SourceVersionDate "2012.10.19"]
[SourceQuality "1"]

1. e4 e5 2. Nf3 Nc6 3. Bc4 Bc5 4. Nc3 Nf6 5. d3 h6 6. h3 d6 7. a3 a6 8. 0-0 Be6 9. Bxe6 fxe6 10. Ne2 0-0 11. Ng3 Qd7 12. c3 Rad8 13. Qe2 Ba7 14. a4 Qe8 15. b4 d5 16. Bb2 d4 17. Rfd1 dxc3 18. Bxc3 Nd4 19. Bxd4 Bxd4 20. Ra2 Qc6 21. Qc2 Qb6 22. Qc4 Kh8 23. a5 Qd6 24. Ne2 Nh5 25. b5 Nf4 26. Nfxd4 exd4 27. bxa6 Nxe2+ 28. Rxe2 bxa6 29. Rc2 Rd7 30. Qc6 Rdf7 31. Qxd6 cxd6 32. f3 d5 33. Rc6 dxe4 34. dxe4 e5 35. Re6 Rf6 36. Rxe5 Rd8 37. Rd5 Rxd5 38. exd5 Kg8 39. Rxd4 Rd6 40. Kf2 Kf7 41. Ke3 Kf6 42. Ke4 g6 43. Rc4 Ke7 44. Rc6 Rxc6 45. dxc6 Kd6 46. c7 Kxc7 47. Kd5 Kb7 48. f4 Kc7 49. g4 Kd7 50. f5 gxf5 51. gxf5 Ke7 52. Ke5 Kf7 53. f6 h5 54. h4 Kf8 55. Kf5 Kf7 56. Kg5 Kg8 57. Kxh5 Kh7 58. Kg5 Kg8 59. Kf5 1-0

[Event "Madrid Villaverde op 13th"]
[Site "Madrid"]
[Date "2010.07.03"]
[Round "6"]
[White "Alvarez Romero, Carlos"]
[Black "Garcia Alonso, David"]
[Result "1-0"]
[WhiteElo "1780"]
[BlackElo "1468"]
[PlyCount "91"]
[EventDate "2010.06.28"]
[EventType "swiss"]
[EventRounds "9"]
[EventCountry "ESP"]
[SourceTitle "EXT 2011"]
[Source "ChessBase"]
[SourceDate "2010.11.26"]
[SourceVersion "1"]
[SourceVersionDate "2010.11.26"]
[SourceQuality "1"]

1. e4 c5 2. Nf3 d6 3. Nc3 a6 4. d4 cxd4 5. Nxd4 Nf6 6. Bd3 e5 7. Nb3 Be6 8. Qe2 Nbd7 9. Be3 Be7 10. f3 b5 11. a3 0-0 12. Bg5 Rc8 13. g4 Qc7 14. Bh4 Nb6 15. Nd1 d5 16. Nd2 dxe4 17. Nxe4 Nbd5 18. Bg3 Nf4 19. Bxf4 exf4 20. Ndc3 Rfd8 21. 0-0 Nd5 22. Nxd5 Bxd5 23. Rfe1 Bc4 24. Bxc4 Qxc4 25. Qxc4 Rxc4 26. Nc3 Bf6 27. Rad1 Rxd1 28. Nxd1 h6 29. c3 Rc8 30. Nf2 Bh4 31. Re4 g5 32. Rd4 Bxf2+ 33. Kxf2 Kg7 34. Rd6 a5 35. Rd5 b4 36. axb4 axb4 37. Rd3 Rc4 38. Rd4 Rxd4 39. cxd4 Kf6 40. Ke2 Ke6 41. Kd3 Kd5 42. b3 f6 43. h3 Ke6 44. Kc4 Kd6 45. Kxb4 Kd5 46. Kc3 1-0

[Event "Madrid Villaverde op 13th"]
[Site "Madrid"]
[Date "2010.06.30"]
[Round "3"]
[White "Martin Rodriguez, Jose Luis"]
[Black "Alvarez Romero, Carlos"]
[Result "0-1"]
[WhiteElo "1538"]
[BlackElo "1780"]
[PlyCount "82"]
[EventDate "2010.06.28"]
[EventType "swiss"]
[EventRounds "9"]
[EventCountry "ESP"]
[SourceTitle "EXT 2011"]
[Source "ChessBase"]
[SourceDate "2010.11.26"]
[SourceVersion "1"]
[SourceVersionDate "2010.11.26"]
[SourceQuality "1"]

1. e4 c6 2. d4 d5 3. e5 Bf5 4. Nd2 e6 5. g4 Bg6 6. Ne2 Nd7 7. h4 h5 8. Nf4 Qb6 9. Nb3 0-0-0 10. Nxg6 fxg6 11. g5 c5 12. c3 Ne7 13. Be3 c4 14. Nd2 Qxb2 15. Rb1 Qa3 16. Qc2 Nf5 17. Bg2 Nb6 18. Qb2 Qxb2 19. Rxb2 Na4 20. Rc2 Ba3 21. Ke2 b5 22. Rb1 a6 23. Bh3 Rhf8 24. Rf1 Kd7 25. Nf3 Nxe3 26. Kxe3 Bb2 27. Nd2 Bxc3 28. Nb1 Ba5 29. Rfc1 Rf7 30. f3 Rdf8 31. Bg2 Rf4 32. Rh1 Bb6 33. Rd2 a5 34. Rh3 c3 35. Rc2 Bxd4+ 36. Kd3 b4 37. Re2 Nc5+ 38. Kc2 a4 39. Kc1 Bxe5 40. Rc2 Rd4 41. Bf1 Bf4+ 0-1

[Event "Madrid Villaverde op 13th"]
[Site "Madrid"]
[Date "2010.06.29"]
[Round "2"]
[White "Alvarez Romero, Carlos"]
[Black "Aguado Solana, Juan"]
[Result "0-1"]
[WhiteElo "1780"]
[BlackElo "2038"]
[PlyCount "62"]
[EventDate "2010.06.28"]
[EventType "swiss"]
[EventRounds "9"]
[EventCountry "ESP"]
[SourceTitle "EXT 2011"]
[Source "ChessBase"]
[SourceDate "2010.11.26"]
[SourceVersion "1"]
[SourceVersionDate "2010.11.26"]
[SourceQuality "1"]

1. e4 c5 2. Nf3 Nc6 3. Nc3 d6 4. d4 cxd4 5. Nxd4 e5 6. Nxc6 bxc6 7. Bc4 Nf6 8. Bg5 Be7 9. 0-0 0-0 10. Qd3 Be6 11. Bxe6 fxe6 12. Rad1 d5 13. Qg3 Nd7 14. Bxe7 Qxe7 15. Rd3 Nc5 16. Rf3 d4 17. Rxf8+ Rxf8 18. Ne2 Qf6 19. Qg4 h5 20. Qxh5 Nxe4 21. f4 Nd2 22. Rf2 e4 23. f5 exf5 24. Ng3 f4 25. Qe2 e3 26. Rf1 Nxf1 27. Nxf1 f3 28. Qc4+ Qf7 29. Qxf7+ Rxf7 30. Ng3 e2 31. Kf2 fxg2+ 0-1

[Event "Madrid Villaverde op 13th"]
[Site "Madrid"]
[Date "2010.06.28"]
[Round "1"]
[White "Beltran de Heredia Eguiaz, Miguel Angel"]
[Black "Alvarez Romero, Carlos"]
[Result "1-0"]
[WhiteElo "2078"]
[BlackElo "1780"]
[PlyCount "61"]
[EventDate "2010.06.28"]
[EventType "swiss"]
[EventRounds "9"]
[EventCountry "ESP"]
[SourceTitle "EXT 2011"]
[Source "ChessBase"]
[SourceDate "2010.11.26"]
[SourceVersion "1"]
[SourceVersionDate "2010.11.26"]
[SourceQuality "1"]

1. e4 c6 2. d4 d5 3. Nc3 dxe4 4. Nxe4 Bf5 5. Ng3 Bg6 6. h4 h5 7. Nf3 Nd7 8. Bd3 Bxd3 9. Qxd3 Qc7 10. Bd2 e6 11. 0-0-0 0-0-0 12. Qe2 Bd6 13. Ne4 f6 14. Nxd6+ Qxd6 15. Rhe1 Re8 16. g3 Nb6 17. Bf4 Qd5 18. b3 Qa5 19. Kb2 Nd5 20. Bd2 Qc7 21. c4 Nb6 22. Bf4 Qf7 23. Qd2 Nh6 24. Qa5 g5 25. hxg5 fxg5 26. Nxg5 Qf5 27. Qxa7 e5 28. dxe5 Nd7 29. e6 Qf6+ 30. Ka3 Qe7+ 31. Bd6 1-0